Property on Trial Canadian Cases in Context /

Detalles Bibliográficos
Autor principal: Tucker, Eric
Otros Autores: Ziff, Bruce, Muir, James
Formato: eBook
Lenguaje:inglés
Publicado: Toronto: Irwin Law Inc., 2012
Materias:
Acceso en línea:Acceso restringido

MARC

LEADER 00000nam a22000007a 4500
005 20210813114713.0
007 cr|||| ||||
008 210813s2012 ca |||||s|||| 00||0 eng d
020 |a 9781552213193 
035 |a 34911 
040 |a vLex 
090 |c 12013  |d 12013 
100 1 |a Tucker, Eric 
245 1 0 |a Property on Trial  |h [Recurso electrn̤ico] :  |b Canadian Cases in Context /  |c Eric Tucker, Bruce Ziff, James Muir 
256 |a Servicio en ln̕ea 
260 |a Toronto:  |b Irwin Law Inc.,  |c 2012 
300 |a 1 recurso electrn̤ico 
506 1 |a Disponible solo en los productos indicados  |d vLex Global  |d vLex Global (Academic Edition, excluding Law Schools)  |d vLex Global (U.S. Academic Edition, Law Schools)  |d vLex Global (U.S. Academic Edition, excluding Law Schools)  |d vLex Global (Academic Edition, Law Schools) 
650 0 4 |a Ciencias sociales  |z Canad̀ 
700 1 |a Ziff, Bruce 
700 1 |a Muir, James 
740 0 |a vLex Libros (Servicio en ln̕ea) 
856 4 0 |u https://app.vlex.com/#/sources/34911  |z Acceso restringido 
942 |c BOOK 
999 0 |a Social Sciences